000 01491cam a2200373 a 4500
001 12452677
003 Nust
005 20220830113246.0
008 010626s2002 nyu 000 1 eng
010 _a 2001042293
020 _a9780349115849
040 _aDLC
_cDLC
_dDLC
043 _an-us---
_aa-ii---
050 0 0 _aPS3554.I86
_bV56 2002
082 0 0 _a823
_bDIV
100 1 _aDivakaruni, Chitra Banerjee,
_d1956-
_998657
245 1 4 _aThe vine of desire :
_ba novel /
_cChitra Banerjee Divakaruni.
250 _a1st ed.
260 _aNew York :
_bDoubleday,
_c2002.
300 _a398 p. ;
_c22 cm.
650 0 _aEast Indian American women
_vFiction.
_998658
650 0 _aFemale friendship
_vFiction.
650 0 _aWomen immigrants
_vFiction.
_998659
650 0 _aSingle mothers
_vFiction.
_998660
650 0 _aMarried women
_vFiction.
_911513
655 7 _aPsychological fiction.
_2lcsh
655 7 _aDomestic fiction.
_2lcsh
856 4 2 _3Contributor biographical information
_uhttp://www.loc.gov/catdir/bios/random053/2001042293.html
856 4 1 _3Sample text
_uhttp://www.loc.gov/catdir/samples/random042/2001042293.html
856 4 2 _3Publisher description
_uhttp://www.loc.gov/catdir/description/random045/2001042293.html
906 _a7
_bcbc
_corignew
_d1
_eocip
_f20
_gy-gencatlg
942 _2ddc
_cBK
999 _c174586
_d174586